Stendhal et l'Angleterre : proceedings of the London Colloquium, French Institute, 13-16 September 1983 /

Bibliographic Details
Other Authors: McWatters, K. G., Thompson, C. W. (Christopher W), 1938-
Format: Book
Language:French
Published: Liverpool : Liverpool University Press, 1987.
Subjects:

MARC

Tag First Indicator Second Indicator Subfields
LEADER 00000cam a2200000 a 4500
001 in00000014541
005 20151007052234.0
008 871126s1987 enka 10100 fre d
010 |a gb 87008803  
015 |a GB87-8803 
020 |a 0853230455 :  |c £22.50 
035 |a (OCoLC)15196373 
035 |9 AAA6910AM 
040 |a UKM  |c UKM  |d TXA  |d UtOrBLW 
041 0 |a fre  |b eng 
049 |a TXAM  |c [A12621958] 
050 1 0 |a PQ2441 
050 4 |a PQ2441  |b .S73 1987 
082 0 |a 843/.7  |2 19 
245 0 0 |a Stendhal et l'Angleterre :  |b proceedings of the London Colloquium, French Institute, 13-16 September 1983 /  |c edited by K.G. McWatters and C.W. Thompson. 
264 1 |a Liverpool :  |b Liverpool University Press,  |c 1987. 
300 |a xii, 397 pages :  |b illustrations ;  |c 25 cm. 
336 |a text  |b txt  |2 rdacontent 
337 |a unmediated  |b n  |2 rdamedia 
338 |a volume  |b nc  |2 rdacarrier 
504 |a Includes bibliographies and index. 
500 |a Includes 3 papers in English. 
600 1 0 |a Stendhal,  |d 1783-1842  |x Criticism and interpretation. 
653 |a Fiction in French  |a Stendhal - Critical studies - French texts 
700 1 |a McWatters, K. G. 
700 1 |a Thompson, C. W.  |q (Christopher W),  |d 1938- 
999 |a MARS 
999 f f |s 0a1e5d9c-8ac0-335d-98be-8e29c5251649  |i 0dac7cd4-90c0-3c5f-86a0-8369b04dece8  |t 0 
952 f f |p normal  |a Texas A&M University  |b College Station  |c Sterling C. Evans Library  |d Evans: Library Stacks  |t 0  |e PQ2441 .S73 1987  |h Library of Congress classification  |i unmediated -- volume  |m A14812621958 
998 f f |a PQ2441 .S73 1987  |t 0  |l Evans: Library Stacks